000 00210nam a2200109Ia 4500
100 _a#N/A
942 _cBK
654 _awindows 3.1
245 _aWindows 3.1 Secrets
260 _b#N/A
_c1993
546 _aENGLISH
999 _c23554
_d23554